Halifax UK Housing Market Outlook for 2015 (Record no. 84550)

MARC details
000 -LEADER
fixed length control field 00920cab a22002055a 4500
001 - CONTROL NUMBER
control field L158296
008 - FIXED-LENGTH DATA ELEMENTS--GENERAL INFORMATION
fixed length control field 141128e20141125xxk 000 0 eng d
035 ## - SYSTEM CONTROL NUMBER
System control number (Sirsi) u158296
041 0# - LANGUAGE CODE
Language code of text/sound track or separate title eng
110 2# - MAIN ENTRY--CORPORATE NAME
Corporate name or jurisdiction name as entry element Halifax
9 (RLIN) 5942
245 00 - TITLE STATEMENT
Title Halifax UK Housing Market Outlook for 2015
Medium [electronic resource]
260 ## - PUBLICATION, DISTRIBUTION, ETC.
Date of publication, distribution, etc. 2014
490 ## - SERIES STATEMENT
Series statement Halifax Press Release
Volume/sequential designation 25 November 2014
520 ## - SUMMARY, ETC.
Summary, etc. Predicts house price growth of between 3% and 5% in 2015. The prospect of higher mortgage interest rates and affordability issues could affect demand but prediction of strong economic growth and higher employment will help to stimulate growth.
590 ## - LOCAL NOTE (RLIN)
Local note KA
651 #4 - SUBJECT ADDED ENTRY--GEOGRAPHIC NAME
Geographic name United Kingdom
Chronological subdivision
690 ## - LOCAL SUBJECT ADDED ENTRY--TOPICAL TERM (OCLC, RLIN)
Topical term or geographic name as entry element Residential property
9 (RLIN) 6266
856 40 - ELECTRONIC LOCATION AND ACCESS
Uniform Resource Identifier <a href="https://www.lloydsbankinggroup.com/globalassets/halifax-uk-housing-market-outlook-for-2015-final.pdf">https://www.lloydsbankinggroup.com/globalassets/halifax-uk-housing-market-outlook-for-2015-final.pdf</a>
Public note View this item free of charge at www.lloydsbankinggroup.com
942 ## - ADDED ENTRY ELEMENTS (KOHA)
Suppress in OPAC 0
Holdings
Withdrawn status Lost status Source of classification or shelving scheme Damaged status Not for loan Home library Current library Shelving location Date acquired Total Checkouts Full call number Barcode Date last seen Copy number Price effective from Koha item type
    Dewey Decimal Classification     Virtual Virtual Online 28/11/2014   ONLINE PUBLICATIONS 158296-2001 06/08/2019 1 06/08/2019 Journal article